Impactos negativos de la reforma fiscal

সংরক্ষণ করুন:
গ্রন্থ-পঞ্জীর বিবরন
বিন্যাস: পাঠ‍্য
ট্যাগগুলো: ট্যাগ যুক্ত করুন
কোনো ট্যাগ নেই, প্রথমজন হিসাবে ট্যাগ করুন!

MARC

LEADER 00000 a a2200000 04500
001 42621
003
040
245 |a Impactos negativos de la reforma fiscal  
773 |g volumen25, número1132 ( , 2005), páginas 6-7  
999 |c 31840  |d 31840